000 00466nam a2200157 a 4500
001 000037621
005 20200930080456.0
008 110926s2007 uy ac 000 0 spa d
020 _a9789974795785
040 _aDO-SdBNP
_bspa
_cBNPHU
082 _axxxx
_bP713
245 0 0 _aPlantas que curan :
_bremedios milenarios.
246 0 4 _aSanan desde siempre :
_blas plantas curativas
260 _aColombia :
_bArquetipo Grupo editorial,
_c2007.
300 _a354 p ;
_c28 cm.
999 _c37111
_d37111